Explotados y explotadores (Record no. 210306)

MARC details
000 -CABECERA
campo de control de longitud fija 00633cam a22002057a 4500
003 - IDENTIFICADOR DEL NÚMERO DE CONTROL
campo de control MX-MxUPN
005 - FECHA Y HORA DE LA ÚLTIMA TRANSACCIÓN
campo de control 20240919064431.0
008 - ELEMENTOS DE LONGITUD FIJA--INFORMACIÓN GENERAL
campo de control de longitud fija 230913s1970 mx|a|||g |||| 000 0 spa d
040 ## - FUENTE DE LA CATALOGACIÓN
Centro catalogador/agencia de origen MX-MxUPN
Lengua de catalogación spa
050 #4 - SIGNATURA TOPOGRÁFICA DE LA BIBLIOTECA DEL CONGRESO
Número de clasificación HB97.5
Número de documento/Ítem H37 1970
100 1# - ASIENTO PRINCIPAL--NOMBRE PERSONAL
9 (RLIN) 50354
Nombre de persona Harnecker, Marta
100 1# - ASIENTO PRINCIPAL--NOMBRE PERSONAL
9 (RLIN) 50355
Nombre de persona Uribe, Gabriela
245 10 - MENCIÓN DE TÍTULO
Título Explotados y explotadores
260 ## - PUBLICACIÓN, DISTRIBUCIÓN, ETC.
Lugar de publicación, distribución, etc. [México] :
Nombre del editor, distribuidor, etc. Universidad Autónoma de Puebla,
Fecha de publicación, distribución, etc. [197?]
300 ## - DESCRIPCIÓN FÍSICA
Extensión 61 páginas :
Otras características físicas ilustraciones
490 0# - MENCIÓN DE SERIE
Mención de serie Cuadernos de educación popular :
Designación de volumen o secuencia 1
650 #2 - ASIENTO SECUNDARIO DE MATERIA - TERMINO TEMATICO
Término de materia o nombre geográfico como elemento de entrada Economía marxista
9 (RLIN) 8188
902 ## - ELEMENTOS DE DATOS B LOCAL, LDB (RLIN)
Creó GCH130923
Modificó VíctorGodínez/191023
942 ## - ELEMENTOS DE PUNTO DE ACCESO ADICIONAL (KOHA)
Fuente del sistema de clasificación o colocación Library of Congress Classification
Tipo de ítem Koha Folleto
Holdings
Estado de retiro Estado de pérdida Fuente del sistema de clasificación o colocación Estado dañado No para préstamo Código de colección Localización permanente Ubicación/localización actual Ubicación en estantería Fecha de adquisición Clasificación Código de barras Fecha visto por última vez Precio válido a partir de Tipo de ítem Koha
    Library of Congress Classification   Disponible (Préstamo en sala) Folletería Bib. Gregorio Torres Quintero Bib. Gregorio Torres Quintero Colecciones especiales Planta alta 13/09/2023 HB97.5 H37 1970 337252 13/09/2023 13/09/2023 Folleto